| 000 | 00386cam a2200145ua 4500 | ||
|---|---|---|---|
| 041 |
_aeng _h |
||
| 082 |
_a030.51 _bHAZ/EN |
||
| 100 | _aHazewinkel, M. | ||
| 245 | 0 | 0 |
_aEncyclopaedia of mathematics, Vol.8, Rea-Sti / _cM.Hazewinkel. _hTextual Documents |
| 260 |
_aLondon : _bKluwer Academic Publishers , _c1987. |
||
| 300 | _a540 ; . | ||
| 504 | _a | ||
| 942 | _cBK | ||
| 999 |
_c9032 _d9032 |
||